[Event "World Rapid 2023"]
[Site "Samarkand UZB"]
[Date "2023.12.26"]
[EventDate "2023.12.26"]
[Round "5.21"]
[Result "1-0"]
[White "Levon Aronian"]
[Black "Aleksey Dreev"]
[WhiteElo "2723"]
[BlackElo "2606"]
[PlyCount "76"]

1. e4 c5 2. Nf3 e6 3. c3 d5 4. exd5 Qxd5 5. d4 Nf6 6. Na3 Qd8 7. Nc2 Be7 8. Be2
O-O 9. O-O b6 10. Ne5 Bb7 11. Bf3 Bxf3 12. Qxf3 Qd5 13. Qxd5 Nxd5 14. c4 Nf6 15.
dxc5 bxc5 16. Rd1 Rc8 17. Bf4 Nc6 18. Rd3 Nb4 19. Nxb4 cxb4 20. b3 Ne4 21. Re1
Nc5 22. Rdd1 a5 23. Be3 Rc7 24. g4 a4 25. Bxc5 Bxc5 26. Kg2 g5 27. Rd7 Rxd7 28.
Nxd7 axb3 29. axb3 Bd6 30. c5 Bf4 31. Re4 Bd2 32. c6 Rc8 33. Rc4 Bf4 34. h4 h6
35. Kf3 f5 36. gxf5 exf5 37. Nb6 Rd8 38. Rxf4 1-0

[Event "World Rapid 2023"]
[Site "Samarkand UZB"]
[Date "2023.12.26"]
[EventDate "2023.12.26"]
[Round "5.22"]
[Result "1/2-1/2"]
[White "Peter Svidler"]
[Black "Daniel Dardha"]
[WhiteElo "2689"]
[BlackElo "2598"]
[PlyCount "36"]

1. c4 Nf6 2. Nc3 e6 3. e4 c5 4. e5 Ng8 5. d4 cxd4 6. Qxd4 Nc6 7. Qe4 f5 8. exf6
Nxf6 9. Qh4 Nb4 10. Rb1 d5 11. a3 Nc6 12. Nf3 Be7 13. Bd3 O-O 14. O-O Ne4 15.
Qh5 Nf6 16. Qh4 Ne4 17. Qh5 Nf6 18. Qh4 1/2-1/2

[Event "World Rapid 2023"]
[Site "Samarkand UZB"]
[Date "2023.12.26"]
[EventDate "2023.12.26"]
[Round "5.23"]
[Result "1/2-1/2"]
[White "Nodirbek Abdusattorov"]
[Black "Aleksandar Indjic"]
[WhiteElo "2727"]
[BlackElo "2589"]
[PlyCount "130"]

1. e4 c5 2. Nf3 d6 3. d4 cxd4 4. Qxd4 Nc6 5. Qe3 g6 6. Be2 Bg7 7. O-O Nf6 8. h3
O-O 9. Rd1 Be6 10. Nc3 Qb6 11. Qxb6 axb6 12. a3 Rfc8 13. Rb1 Nd7 14. Nd5 h6 15.
c3 f5 16. Nh4 fxe4 17. Nxg6 Bxd5 18. Rxd5 Nc5 19. Be3 Kh7 20. Nf4 Rf8 21. Rd2
Bf6 22. Nd5 Bg5 23. Bxg5 hxg5 24. Nxb6 Rad8 25. b4 Nd7 26. Nd5 Nf6 27. Nc7 Rc8
28. Ne6 Rg8 29. c4 Kg6 30. c5 Kf5 31. Nd4+ Nxd4 32. Rxd4 Ke5 33. Rd2 d5 34. Re1
Ra8 35. Ra2 g4 36. hxg4 Nxg4 37. a4 Nh6 38. a5 Nf5 39. Ra3 Rg6 40. Rh3 e6 41. g3
Rg7 42. Kg2 Kd4 43. Rc1 Rf7 44. Rhh1 Raf8 45. Bg4 Rg7 46. Bxf5 exf5 47. f4 exf3+
48. Kxf3 Rg4 49. b5 Re4 50. a6 bxa6 51. b6 f4 52. g4 Re3+ 53. Kf2 Ke4 54. Rh7
Rf3+ 55. Kg2 Rb3 56. Re7+ Kd4 57. b7 Rh8 58. c6 Rg3+ 59. Kf1 Kd3 60. Rd1+ Kc2
61. Rde1 Rh1+ 62. Kf2 Rh2+ 63. Kf1 Rh1+ 64. Kf2 Rh2+ 65. Kf1 1/2-1/2

[Event "World Rapid 2023"]
[Site "Samarkand UZB"]
[Date "2023.12.26"]
[EventDate "2023.12.26"]
[Round "5.24"]
[Result "1/2-1/2"]
[White "Alan Pichot"]
[Black "Vladislav Artemiev"]
[WhiteElo "2651"]
[BlackElo "2711"]
[PlyCount "54"]

1. e4 e5 2. Nf3 Nc6 3. Bc4 Nf6 4. d3 Be7 5. O-O O-O 6. h3 d6 7. a4 a5 8. Nc3 Be6
9. Bxe6 fxe6 10. d4 exd4 11. Nxd4 Nxd4 12. Qxd4 Nd7 13. Qc4 Rf6 14. Be3 c6 15.
Rad1 Kh8 16. Qb3 Qc7 17. Bd4 Rg6 18. Qc4 Qc8 19. Qe2 e5 20. Be3 Nc5 21. Qh5 Ne6
22. Ne2 Rf6 23. Qg4 Rg6 24. Qh5 Rf6 25. Qg4 Rg6 26. Qh5 Rf6 27. Qg4 1/2-1/2

[Event "World Rapid 2023"]
[Site "Samarkand UZB"]
[Date "2023.12.26"]
[EventDate "2023.12.26"]
[Round "5.25"]
[Result "1/2-1/2"]
[White "Levan Pantsulaia"]
[Black "Anish Giri"]
[WhiteElo "2561"]
[BlackElo "2754"]
[PlyCount "100"]

1. Nf3 c5 2. c4 Nf6 3. g3 b6 4. Bg2 Bb7 5. Nc3 g6 6. b3 Bg7 7. Bb2 O-O 8. O-O
Na6 9. d4 cxd4 10. Nxd4 Bxg2 11. Kxg2 Nc5 12. f3 d6 13. e4 Qd7 14. Qe2 Nh5 15.
Rfd1 Bxd4 16. Rxd4 Ne6 17. Nd5 Nxd4 18. Bxd4 f6 19. a4 e6 20. Nc3 Rab8 21. Rd1
Qe7 22. Be3 Ng7 23. Bf4 Rfd8 24. h4 Rb7 25. Qb2 Rbd7 26. Nb5 Ne8 27. Nc3 Nc7 28.
Qa3 g5 29. hxg5 fxg5 30. Bc1 h6 31. e5 d5 32. Ne4 Ne8 33. Qxe7 Rxe7 34. Nxg5
hxg5 35. Bxg5 Kf7 36. cxd5 Rxd5 37. Rxd5 exd5 38. Bxe7 Kxe7 39. f4 Ng7 40. b4
Nf5 41. g4 Ne3+ 42. Kf3 Nc2 43. b5 Ke6 44. Ke2 Nd4+ 45. Kd3 Nb3 46. Kc3 Nc1 47.
Kd2 Nb3+ 48. Kc3 Nc1 49. Kd2 Na2 50. Kd3 Nc1+ 1/2-1/2

[Event "World Rapid 2023"]
[Site "Samarkand UZB"]
[Date "2023.12.26"]
[EventDate "2023.12.26"]
[Round "5.26"]
[Result "0-1"]
[White "AR Saleh Salem"]
[Black "Jinshi Bai"]
[WhiteElo "2639"]
[BlackElo "2585"]
[PlyCount "52"]

1. d4 d5 2. c4 e6 3. Nf3 Nf6 4. g3 dxc4 5. Bg2 Nbd7 6. O-O c6 7. Nc3 b5 8. e4
Bb7 9. e5 Nd5 10. Ng5 Be7 11. h4 O-O 12. Be4 g6 13. Re1 Bxg5 14. Bxg5 Qb6 15. h5
c5 16. Bxd5 exd5 17. Be3 b4 18. Ne2 Nxe5 19. Nf4 cxd4 20. Bd2 Rae8 21. Ng2 d3
22. Bf4 f6 23. Rc1 d4 24. Bxe5 Qc6 25. f3 fxe5 26. Re4 Rxf3 0-1

[Event "World Rapid 2023"]
[Site "Samarkand UZB"]
[Date "2023.12.26"]
[EventDate "2023.12.26"]
[Round "5.27"]
[Result "0-1"]
[White "Vahap Sanal"]
[Black "Alexander Grischuk"]
[WhiteElo "2595"]
[BlackElo "2732"]
[PlyCount "102"]

1. e4 e5 2. Nf3 Nc6 3. Bb5 Nf6 4. d3 Bc5 5. Nc3 d6 6. d4 exd4 7. Nxd4 O-O 8.
Bxc6 bxc6 9. O-O Ng4 10. h3 Ne5 11. Be3 Nc4 12. Nxc6 Nxe3 13. fxe3 Qg5 14. Kh1
Bd7 15. Nd4 Qxe3 16. Nf5 Bxf5 17. exf5 c6 18. f6 g6 19. Rf3 Qd4 20. Qc1 Qh4 21.
Rf4 Qh5 22. Ne4 Rfe8 23. Rg4 Re6 24. Ng3 Qe5 25. Ne4 Qh5 26. b4 Bb6 27. Ng3 Qe5
28. Ne4 d5 29. Ng5 Rxf6 30. Nf3 Qe2 31. Qg5 Rxf3 32. gxf3 Qxf3+ 33. Rg2 Qxh3+
34. Rh2 Qf3+ 35. Qg2 Qxg2+ 36. Kxg2 Re8 37. Kf1 Re4 38. c3 Kg7 39. Re1 Rc4 40.
Rh3 Rf4+ 41. Ke2 Rf2+ 42. Kd3 Rxa2 43. Rf3 Rf2 44. Rxf2 Bxf2 45. Re7 Bb6 46. Rd7
Kf6 47. Rd6+ Ke5 48. Rxc6 h5 49. Rc8 h4 50. Ke2 Kf4 51. Rc6 h3 0-1

[Event "World Rapid 2023"]
[Site "Samarkand UZB"]
[Date "2023.12.26"]
[EventDate "2023.12.26"]
[Round "5.28"]
[Result "1/2-1/2"]
[White "Andrey Esipenko"]
[Black "Baskaran Adhiban"]
[WhiteElo "2702"]
[BlackElo "2541"]
[PlyCount "112"]

1. e4 c5 2. Nf3 d6 3. Bb5+ Nd7 4. O-O Nf6 5. Re1 a6 6. Bf1 b6 7. c4 Bb7 8. Nc3
Ne5 9. d3 e6 10. a3 Be7 11. b4 Nxf3+ 12. Qxf3 O-O 13. Rb1 Nd7 14. Be3 Bf6 15.
Rec1 Rb8 16. Qd1 Ne5 17. g3 g5 18. Bg2 Kh8 19. Na4 Bc6 20. b5 Bb7 21. d4 Ng6 22.
Nc3 a5 23. Na4 Rg8 24. Rc2 Nf4 25. Bh1 Qc7 26. Kf1 Ng6 27. Bg2 Ba8 28. Rbc1 Rbd8
29. Rd2 cxd4 30. Rxd4 Ne5 31. Kg1 Be7 32. Rd2 Rb8 33. Bd4 Bf6 34. h3 h6 35. Qe2
Rgd8 36. Qe3 Nd7 37. Bxf6+ Nxf6 38. h4 Rg8 39. Qd4 Qe7 40. hxg5 Rxg5 41. Qxd6
Qxd6 42. Rxd6 Nxe4 43. Rxb6 Rbg8 44. Ra6 Bb7 45. Ra7 Nxg3 46. fxg3 Rxg3 47. Rxb7
Rxg2+ 48. Kh1 R2g4 49. Rc2 Rh4+ 50. Rh2 Rxc4 51. Rxh6+ Kg7 52. Rh3 Rxa4 53. Rg3+
Kh8 54. Rh3+ Kg7 55. Rg3+ Kh8 56. Rh3+ 1/2-1/2

[Event "World Rapid 2023"]
[Site "Samarkand UZB"]
[Date "2023.12.26"]
[EventDate "2023.12.26"]
[Round "5.29"]
[Result "1/2-1/2"]
[White "Jakhongir Vakhidov"]
[Black "Sabino Brunello"]
[WhiteElo "2599"]
[BlackElo "2500"]
[PlyCount "72"]

1. c4 e6 2. Nc3 d5 3. d4 Nf6 4. cxd5 Nxd5 5. e4 Nxc3 6. bxc3 c5 7. a3 cxd4 8.
cxd4 e5 9. dxe5 Qxd1+ 10. Kxd1 Nc6 11. f4 Bc5 12. Nf3 Bg4 13. Be2 O-O-O+ 14. Kc2
f6 15. exf6 gxf6 16. Bb2 Rhe8 17. Bxf6 Rd6 18. Be5 Nxe5 19. fxe5 Bxf3 20. gxf3
Rxe5 21. Kb3 Rb6+ 22. Ka2 Bxa3 23. Rab1 Bb4 24. Rb2 Kd7 25. Rg1 Ra5+ 26. Kb1 Bc3
27. Rxb6 axb6 28. Kc2 Be5 29. Bc4 Rc5 30. Kb3 b5 31. Be2 Kd6 32. Rd1+ Kc6 33. h3
Kb6 34. Rd5 Rxd5 35. exd5 Kc5 36. Bd3 1/2-1/2

[Event "World Rapid 2023"]
[Site "Samarkand UZB"]
[Date "2023.12.26"]
[EventDate "2023.12.26"]
[Round "5.30"]
[Result "0-1"]
[White "Alexey Sarana"]
[Black "Arseniy Nesterov"]
[WhiteElo "2688"]
[BlackElo "2584"]
[PlyCount "92"]

1. d4 d5 2. c4 e6 3. Nc3 Nf6 4. Bg5 dxc4 5. e3 c5 6. Bxc4 cxd4 7. exd4 Be7 8.
Nf3 O-O 9. O-O Nc6 10. Re1 b6 11. Ne5 Bb7 12. Ba6 Qc8 13. Qf3 Na5 14. Bxb7 Qxb7
15. Qxb7 Nxb7 16. Nc6 Bd8 17. Rad1 Nd5 18. Nxd5 Bxg5 19. Re5 h6 20. f4 Bd8 21.
Nde7+ Bxe7 22. Nxe7+ Kh7 23. d5 Rfe8 24. Nc6 exd5 25. Rexd5 Rac8 26. Nxa7 Ra8
27. Nc6 Rxa2 28. Rb5 Re2 29. Rb1 Nd6 30. Rxb6 Nc4 31. Rb7 Raxb2 32. R1xb2 Rxb2
33. Rxf7 Ne3 34. g3 Rg2+ 35. Kh1 Rc2 36. Kg1 Rxc6 37. h3 Rc2 38. g4 Nd5 39. f5
Nf4 40. f6 Nxh3+ 41. Kh1 Kg6 42. Rxg7+ Kxf6 43. Rg8 Kf7 44. Rh8 Nf2+ 45. Kg2
Nxg4+ 46. Kg3 Kg7 0-1

[Event "World Rapid 2023"]
[Site "Samarkand UZB"]
[Date "2023.12.26"]
[EventDate "2023.12.26"]
[Round "5.31"]
[Result "1/2-1/2"]
[White "Denis Khismatullin"]
[Black "Parham Maghsoodloo"]
[WhiteElo "2579"]
[BlackElo "2742"]
[PlyCount "92"]

1. d4 Nf6 2. c4 e6 3. Nf3 h6 4. Bf4 g5 5. Bd2 Ne4 6. g3 Bg7 7. Be3 c5 8. Bg2 Nc6
9. Nc3 Nxc3 10. bxc3 g4 11. Nh4 cxd4 12. cxd4 Qf6 13. O-O Nxd4 14. Rb1 O-O 15.
Qd3 Nc6 16. Rfc1 Rd8 17. Qe4 d5 18. Qxg4 e5 19. Qh5 d4 20. Bd2 Rb8 21. Be4 Ne7
22. c5 Bd7 23. Ba5 b6 24. cxb6 axb6 25. Bb4 Be6 26. Rc7 Rd7 27. Rxd7 Bxd7 28.
Bxe7 Qxe7 29. Nf5 Qg5 30. Qf3 Bf8 31. h4 Qf6 32. Nxd4 Qxf3 33. Nxf3 f6 34. Bd5+
Kg7 35. Rd1 Bb5 36. e3 Bc5 37. h5 Bd7 38. Nh4 Bg4 39. Bf3 Be6 40. Bd5 Rd8 41. e4
Bg4 42. Rd3 Bxh5 43. Nf5+ Kh7 44. Kg2 Bg4 45. f3 Bxf5 46. exf5 h5 1/2-1/2

[Event "World Rapid 2023"]
[Site "Samarkand UZB"]
[Date "2023.12.26"]
[EventDate "2023.12.26"]
[Round "5.32"]
[Result "1/2-1/2"]
[White "Iturrizaga Bonelli, Eduardo"]
[Black "Pouya Idani"]
[WhiteElo "2600"]
[BlackElo "2602"]
[PlyCount "34"]

1. c4 Nf6 2. Nc3 c5 3. g3 e6 4. Nf3 d5 5. cxd5 exd5 6. d4 Nc6 7. Bg2 cxd4 8.
Nxd4 Bc5 9. Nxc6 bxc6 10. Na4 Bb6 11. Qc2 O-O 12. Nxb6 Qxb6 13. Bg5 Ne4 14. Bxe4
Qb4+ 15. Bd2 Qxe4 16. Qxe4 dxe4 17. O-O 1/2-1/2

[Event "World Rapid 2023"]
[Site "Samarkand UZB"]
[Date "2023.12.26"]
[EventDate "2023.12.26"]
[Round "5.33"]
[Result "1-0"]
[White "Dmitry Andreikin"]
[Black "Renato Terry"]
[WhiteElo "2729"]
[BlackElo "2522"]
[PlyCount "56"]

1. Nf3 d5 2. d4 Nf6 3. c4 dxc4 4. Nc3 a6 5. e4 b5 6. e5 Nd5 7. a4 Bb7 8. e6 f6
9. Ne4 Nb4 10. Nc5 Bd5 11. axb5 axb5 12. Rxa8 Bxa8 13. b3 Qd6 14. bxc4 N8a6 15.
Be2 Nxc5 16. dxc5 Qxe6 17. cxb5 Bxf3 18. gxf3 Qf5 19. b6 cxb6 20. cxb6 Qa5 21.
O-O Qxb6 22. Qa4+ Kf7 23. Be3 Qb8 24. Bc4+ Kg6 25. Qd7 h5 26. Rb1 e6 27. Bxe6
Qe5 28. Kh1 1-0

[Event "World Rapid 2023"]
[Site "Samarkand UZB"]
[Date "2023.12.26"]
[EventDate "2023.12.26"]
[Round "5.34"]
[Result "1-0"]
[White "Sergey Grigoriants"]
[Black "Yuriy Kuzubov"]
[WhiteElo "2544"]
[BlackElo "2613"]
[PlyCount "138"]

1. e4 c5 2. Nf3 Nc6 3. Bb5 e6 4. O-O Nge7 5. c3 a6 6. Ba4 b5 7. Bc2 Bb7 8. d3 d5
9. Bf4 Ng6 10. Bg3 Be7 11. Nbd2 O-O 12. Qe2 Rc8 13. Nb3 d4 14. cxd4 cxd4 15.
Rac1 a5 16. a3 a4 17. Nbd2 e5 18. Bb1 Bd6 19. Ba2 Qe7 20. h4 b4 21. axb4 Nxb4
22. Bc4 Rc5 23. Rfe1 Qf6 24. Qd1 Bc6 25. Nf1 Bd7 26. Qd2 Rb8 27. h5 Nf4 28. Bxf4
exf4 29. e5 Rxe5 30. Nxe5 Bxe5 31. Nh2 Bd6 32. Qe2 Qg5 33. Nf3 Qxh5 34. Ne5 Qxe2
35. Rxe2 Be8 36. Nf3 Nc6 37. Bb5 Ne7 38. Bxe8 Rxe8 39. Rc4 a3 40. bxa3 Bxa3 41.
Rxd4 Rb8 42. Rxf4 Nd5 43. Rc4 g6 44. g3 Kg7 45. Kg2 Rd8 46. d4 Be7 47. Rec2 Bf6
48. Rc8 Rd7 49. R2c5 Ne7 50. R5c7 Rd6 51. Re8 Nd5 52. Rb7 g5 53. Ne5 Rb6 54.
Rxf7+ Kh6 55. Rg8 Bxe5 56. dxe5 Re6 57. Rgg7 Rxe5 58. Rxh7+ Kg6 59. Rhg7+ Kh6
60. Rg8 Nc3 61. Rf6+ Kh7 62. Rc8 Nd5 63. Rd6 Kg7 64. Rcc6 Ne7 65. Ra6 Nf5 66.
Re6 Rd5 67. Ra7+ Kf8 68. Rb6 Ne7 69. Rf6+ 1-0

[Event "World Rapid 2023"]
[Site "Samarkand UZB"]
[Date "2023.12.26"]
[EventDate "2023.12.26"]
[Round "5.35"]
[Result "0-1"]
[White "Roman Kezin"]
[Black "Anton Korobov"]
[WhiteElo "2502"]
[BlackElo "2672"]
[PlyCount "50"]

1. d4 Nf6 2. c4 e6 3. Nf3 d5 4. g3 dxc4 5. Bg2 Bb4+ 6. Nc3 O-O 7. O-O Nc6 8. Re1
Rb8 9. a3 Bxc3 10. bxc3 b5 11. Bg5 h6 12. Bh4 Ne7 13. Bxf6 gxf6 14. a4 b4 15.
cxb4 Rxb4 16. Qd2 c5 17. Rad1 Kg7 18. Qe3 Nf5 19. Qc3 Qa5 20. dxc5 Rxa4 21. Qc2
e5 22. e3 Be6 23. c6 Rc8 24. Nd2 Ra2 25. Nxc4 Qxe1+ 0-1

[Event "World Rapid 2023"]
[Site "Samarkand UZB"]
[Date "2023.12.26"]
[EventDate "2023.12.26"]
[Round "5.36"]
[Result "1-0"]
[White "M Pranesh"]
[Black "Henriquez Villagra, Cristobal"]
[WhiteElo "2523"]
[BlackElo "2607"]
[PlyCount "120"]

1. e4 c5 2. Nf3 Nc6 3. d4 cxd4 4. Nxd4 g6 5. c4 Bg7 6. Be3 Qb6 7. Nb3 Qd8 8. Nc3
Bxc3+ 9. bxc3 Nf6 10. f3 d6 11. Bh6 Rg8 12. Be2 Be6 13. Be3 Rc8 14. O-O b6 15.
Nd4 Bd7 16. Nxc6 Bxc6 17. Qe1 g5 18. Bd4 Nd7 19. Qg3 e5 20. Be3 Nc5 21. Qh3 Ne6
22. Rad1 Rg6 23. c5 bxc5 24. Bc4 h6 25. Rd2 Rc7 26. Rfd1 Rd7 27. Qf5 Ke7 28. h3
Rf6 29. Qh7 Qf8 30. a4 Rd8 31. a5 Qg7 32. Qxg7 Nxg7 33. Rb1 Rg6 34. Rdb2 Nh5 35.
Bd5 Bxd5 36. exd5 Rgg8 37. Rb7+ Kf6 38. Rxa7 Ng3 39. Kf2 Nf5 40. Rbb7 Rb8 41.
Rxf7+ Kg6 42. Rfb7 Rxb7 43. Rxb7 Ra8 44. Rb5 c4 45. Bb6 Kf7 46. Bc7 Ra6 47. Rb7
Ke8 48. Rb6 Ra7 49. a6 Rxc7 50. Rb7 Kd7 51. a7 Rxb7 52. a8=Q Rb2+ 53. Kg1 h5 54.
Qc6+ Ke7 55. Qc7+ Kf6 56. Qd7 Ng3 57. Qxd6+ Kf5 58. Qe6+ Kf4 59. Qf6+ Nf5 60.
g3+ 1-0

[Event "World Rapid 2023"]
[Site "Samarkand UZB"]
[Date "2023.12.26"]
[EventDate "2023.12.26"]
[Round "5.37"]
[Result "1-0"]
[White "David Paravyan"]
[Black "V Pranav"]
[WhiteElo "2612"]
[BlackElo "2611"]
[PlyCount "134"]

1. e4 e5 2. Nf3 Nc6 3. Bc4 Nf6 4. d3 h6 5. O-O d6 6. a4 g6 7. a5 a6 8. d4 Bg4 9.
dxe5 dxe5 10. Nbd2 Bg7 11. c3 O-O 12. Qa4 Qe7 13. h3 Be6 14. Re1 Rfd8 15. Bxe6
Qxe6 16. Qb3 Qe8 17. Nf1 Bf8 18. Ng3 Rab8 19. Be3 Rd7 20. Kh2 Rdd8 21. Qc4 Qe6
22. Qxe6 fxe6 23. Kg1 Ne8 24. Nf1 Nd6 25. N1d2 Kf7 26. Kf1 g5 27. g4 Be7 28. Ke2
Rh8 29. Rh1 Rbg8 30. Kd3 Bf6 31. b4 Rd8 32. Kc2 Nb5 33. Nb3 Be7 34. Ne1 h5 35.
Rg1 hxg4 36. hxg4 Nd6 37. Nd2 Nb5 38. Nef3 Kg6 39. Nc4 Bf6 40. Rh1 Nd6 41. Ncd2
Be7 42. Rag1 Bf6 43. Rh5 Nf7 44. Nb3 Be7 45. Rgh1 Rxh5 46. gxh5+ Kh7 47. Ne1 Nh6
48. Rg1 Nf7 49. Nd3 Rg8 50. Nbc5 Ncd8 51. Nd7 Nc6 52. N3c5 Ncd8 53. Rb1 Bxc5 54.
Bxc5 Kh6 55. b5 axb5 56. Rxb5 Rh8 57. Rb1 Kxh5 58. Nxe5 Kh6 59. Bd4 Nxe5 60.
Rh1+ Kg6 61. Rxh8 Nec6 62. Rg8+ Kh6 63. Be3 Nf7 64. Re8 e5 65. a6 Nd6 66. Re6+
Kh5 67. a7 1-0

[Event "World Rapid 2023"]
[Site "Samarkand UZB"]
[Date "2023.12.26"]
[EventDate "2023.12.26"]
[Round "5.38"]
[Result "0-1"]
[White "Jakub Kosakowski"]
[Black "M Amin Tabatabaei"]
[WhiteElo "2479"]
[BlackElo "2692"]
[PlyCount "68"]

1. e4 c6 2. d4 d5 3. e5 c5 4. Nf3 cxd4 5. Qxd4 Nc6 6. Qf4 e6 7. Bd3 Nb4 8. Bd2
Nxd3+ 9. cxd3 Ne7 10. Nc3 Bd7 11. h4 h6 12. h5 Rc8 13. Nd4 Qb6 14. O-O g5 15.
hxg6 Nxg6 16. Qe3 Rg8 17. Nce2 Bc5 18. Bc3 Qd8 19. Rac1 Qh4 20. Bd2 Bb6 21.
Rxc8+ Bxc8 22. a4 Qh5 23. a5 Bxd4 24. Nxd4 Nh4 25. g3 Qg4 26. Ne2 d4 27. Qf4
Qxe2 28. Qxh4 Qxd2 29. Qxd4 Qxa5 30. Rc1 Bd7 31. Qd6 Bc6 32. Qb8+ Qd8 33. Qxa7
Rg5 34. Rc5 Rh5 0-1

[Event "World Rapid 2023"]
[Site "Samarkand UZB"]
[Date "2023.12.26"]
[EventDate "2023.12.26"]
[Round "5.39"]
[Result "0-1"]
[White "Alexander Riazantsev"]
[Black "Ian Nepomniachtchi"]
[WhiteElo "2616"]
[BlackElo "2771"]
[PlyCount "76"]

1. d4 Nf6 2. c4 e6 3. Nc3 Bb4 4. e3 c5 5. Ne2 d5 6. a3 Ba5 7. dxc5 dxc4 8. Qxd8+
Kxd8 9. Bd2 Nbd7 10. Ng3 Nd5 11. Rc1 Bxc3 12. Bxc3 Nxc3 13. Rxc3 Nxc5 14. Bxc4
Bd7 15. Ke2 Ke7 16. Rhc1 Na4 17. R3c2 Rhc8 18. b3 Nc5 19. b4 Na4 20. Bd3 Rxc2+
21. Rxc2 a5 22. Ne4 axb4 23. axb4 f5 24. Nd2 Nb6 25. e4 g6 26. f3 Kd6 27. f4 Ra4
28. Nc4+ Nxc4 29. Rxc4 Bc6 30. Ke3 Ra2 31. Rc2 Ra3 32. e5+ Kd7 33. Kd4 Rb3 34.
Bc4 Rxb4 35. Kc5 Ra4 36. Rd2+ Kc7 37. Rc2 b6+ 38. Kd4 0-1

[Event "World Rapid 2023"]
[Site "Samarkand UZB"]
[Date "2023.12.26"]
[EventDate "2023.12.26"]
[Round "5.40"]
[Result "1/2-1/2"]
[White "Vugar Asadli"]
[Black "Shakhriyar Mamedyarov"]
[WhiteElo "2562"]
[BlackElo "2723"]
[PlyCount "66"]

1. e4 e5 2. Nf3 Nc6 3. Bb5 a6 4. Ba4 Nf6 5. d4 exd4 6. O-O Be7 7. e5 Ne4 8. Nxd4
Nc5 9. Nf5 O-O 10. Qg4 g6 11. Bxc6 dxc6 12. Nxe7+ Qxe7 13. Qg3 Re8 14. Re1 Bf5
15. Nc3 f6 16. Bf4 Bxc2 17. Re2 Bf5 18. Rae1 fxe5 19. Rxe5 Qf7 20. Rxe8+ Rxe8
21. Rxe8+ Qxe8 22. h3 Nd3 23. Be3 Qe7 24. b3 Kf7 25. Ne2 Ke8 26. Nd4 Kd7 27.
Nxf5 gxf5 28. Qf3 Qe4 29. Qh5 f4 30. Qf7+ Kd8 31. Qf8+ Kd7 32. Qf7+ Kd8 33. Qf8+ 1/2-1/2

[Event "World Rapid 2023"]
[Site "Samarkand UZB"]
[Date "2023.12.26"]
[EventDate "2023.12.26"]
[Round "5.42"]
[Result "1-0"]
[White "Liam Vrolijk"]
[Black "Haik M Martirosyan"]
[WhiteElo "2566"]
[BlackElo "2678"]
[PlyCount "88"]

1. d4 Nf6 2. c4 e6 3. Nf3 b6 4. g3 Ba6 5. Qc2 Bb7 6. Bg2 c5 7. d5 exd5 8. cxd5
Nxd5 9. O-O Be7 10. Rd1 Nc6 11. Qa4 Nf6 12. Nc3 O-O 13. Nh4 g6 14. Bh6 Re8 15.
Rd2 Qc8 16. Nf3 a6 17. Rad1 Nb4 18. Rc1 d5 19. a3 d4 20. axb4 dxc3 21. bxc3 cxb4
22. Rd3 bxc3 23. Rdxc3 Bc5 24. Qa1 Nh5 25. Be3 Qd8 26. Bxc5 bxc5 27. e3 Ng7 28.
Rxc5 Ne6 29. R5c2 a5 30. Ne5 Bxg2 31. Ng4 Nd4 32. Qxd4 Qxd4 33. exd4 Be4 34.
Nf6+ Kf8 35. Re2 Re6 36. Nxe4 Rae8 37. Rce1 Rd8 38. Nc5 Rb6 39. Re7 Rb5 40. Nd7+
Kg7 41. Ne5 Ra8 42. Rxf7+ Kg8 43. Rc7 a4 44. Ng4 Rb6 1-0

[Event "World Rapid 2023"]
[Site "Samarkand UZB"]
[Date "2023.12.26"]
[EventDate "2023.12.26"]
[Round "5.45"]
[Result "0-1"]
[White "Jens Hirneise"]
[Black "Tigran L Petrosian"]
[WhiteElo "2270"]
[BlackElo "2561"]
[PlyCount "92"]

1. e4 g6 2. d4 Bg7 3. Nc3 a6 4. f4 b5 5. Nf3 Bb7 6. Bd3 d6 7. Be3 Nd7 8. a4 b4
9. Ne2 e5 10. fxe5 dxe5 11. d5 Ngf6 12. Qd2 Qe7 13. O-O Ng4 14. Bg5 f6 15. Bh4
Bh6 16. Qe1 Be3+ 17. Kh1 Bc5 18. Nc1 g5 19. Bg3 h5 20. h4 Ne3 21. Rf2 f5 22.
Nxg5 f4 23. Nb3 Ng4 24. Rf3 fxg3 25. Qxg3 O-O-O 26. Rf7 Qd6 27. Ne6 Ba7 28. Nxd8
Rxd8 29. Raf1 Kb8 30. Qf3 Qb6 31. a5 Qh6 32. Rxd7 Rxd7 33. Qf8+ Bc8 34. Qxh6
Nxh6 35. Rf8 Rd6 36. c4 bxc3 37. bxc3 Ng4 38. Bc2 Rf6 39. Rxf6 Nxf6 40. Nd2 Ng4
41. g3 Bf2 42. Kg2 Be1 43. Nc4 Bxc3 44. Ba4 Nf6 45. d6 cxd6 46. Nxd6 Bxa5 0-1

[Event "World Rapid 2023"]
[Site "Samarkand UZB"]
[Date "2023.12.26"]
[EventDate "2023.12.26"]
[Round "5.46"]
[Result "1-0"]
[White "Shant Sargsyan"]
[Black "Ilia Iljiushenok"]
[WhiteElo "2634"]
[BlackElo "2547"]
[PlyCount "96"]

1. d4 d5 2. c4 c6 3. Nf3 Nf6 4. Nc3 dxc4 5. a4 Bf5 6. Ne5 Nbd7 7. Nxc4 Nb6 8. e3
e6 9. a5 Nxc4 10. Bxc4 Be7 11. O-O O-O 12. f3 b5 13. axb6 axb6 14. Rxa8 Qxa8 15.
e4 Bg6 16. Be3 Qa5 17. Qa1 Ra8 18. Qxa5 Rxa5 19. Rc1 Kf8 20. Bb3 Nd7 21. Kf1 Ke8
22. Ke2 Bd6 23. h3 h5 24. Na4 Rb5 25. Bc2 Ra5 26. Bd2 Ra7 27. Bb3 Rc7 28. Nc3
Ra7 29. Ba4 c5 30. b3 Ke7 31. Nb5 Ra8 32. Nxd6 Kxd6 33. Bf4+ e5 34. Bg3 f5 35.
dxe5+ Nxe5 36. Rd1+ Ke6 37. Rd5 Nf7 38. Bd7+ Ke7 39. Bh4+ Kf8 40. exf5 Ra2+ 41.
Kf1 Bh7 42. Be6 g5 43. Rd7 Bg8 44. Bg3 Ra1+ 45. Kf2 Ra2+ 46. Kg1 Ra1+ 47. Kh2
Rb1 48. f6 1-0

[Event "World Rapid 2023"]
[Site "Samarkand UZB"]
[Date "2023.12.26"]
[EventDate "2023.12.26"]
[Round "5.47"]
[Result "0-1"]
[White "Mukhiddin Madaminov"]
[Black "Evgeniy Najer"]
[WhiteElo "2494"]
[BlackElo "2663"]
[PlyCount "110"]

1. e4 e6 2. d4 d5 3. Nc3 Nf6 4. e5 Nfd7 5. f4 c5 6. Nf3 Nc6 7. Be3 a6 8. a3 cxd4
9. Nxd4 Bc5 10. Qd2 g5 11. Nxc6 Bxe3 12. Qxe3 gxf4 13. Qxf4 bxc6 14. Be2 Qc7 15.
O-O Nxe5 16. Bh5 Ra7 17. Rae1 Ng6 18. Qh6 Rg8 19. Kh1 Qe7 20. Na4 Qh4 21. Nb6
Kd8 22. Qe3 Rc7 23. Bxg6 Rxg6 24. c4 Qg5 25. Qf2 Bb7 26. Re2 Ke8 27. Qd4 c5 28.
Qh8+ Rg8 29. Qxh7 d4 30. Nd5 Kd8 31. h4 Qg4 32. Rf4 Qg3 33. Rxf7 Rxf7 34. Qxf7
Bxd5 35. Qf6+ Kc7 36. cxd5 d3 37. Rf2 exd5 38. Kg1 c4 39. h5 Qg5 40. Qf7+ Kb8
41. h6 Rd8 42. Rf6 Qe3+ 43. Kh2 d2 44. Rc6 Qe5+ 45. Kh3 Qe3+ 46. g3 Rc8 47.
Rxc8+ Kxc8 48. Qh5 Qe1 49. Qf5+ Kc7 50. Qf7+ Kb6 51. Qf6+ Ka5 52. Qc3+ Kb5 53.
Qb4+ Kc6 54. Qa4+ Kd6 55. h7 Qh1+ 0-1

[Event "World Rapid 2023"]
[Site "Samarkand UZB"]
[Date "2023.12.26"]
[EventDate "2023.12.26"]
[Round "5.48"]
[Result "1/2-1/2"]
[White "Zhandos Agmanov"]
[Black "Deshun Xiu"]
[WhiteElo "2460"]
[BlackElo "2510"]
[PlyCount "54"]

1. e4 e5 2. Nf3 Nc6 3. Bb5 Nf6 4. O-O Nxe4 5. Re1 Nd6 6. Nxe5 Be7 7. Bf1 Nxe5 8.
Rxe5 O-O 9. d4 Bf6 10. Re1 Re8 11. Bf4 Rxe1 12. Qxe1 Ne8 13. c3 d5 14. Bd3 g6
15. Nd2 Ng7 16. Qe2 c6 17. Nb3 Bf5 18. Bxf5 Nxf5 19. Nc5 b6 20. Nd3 Qe7 21. Qxe7
Bxe7 22. Re1 Bf8 23. Kf1 Rc8 24. Ne5 f6 25. Nd7 Kf7 26. g4 Ng7 27. Nxf8 1/2-1/2

[Event "World Rapid 2023"]
[Site "Samarkand UZB"]
[Date "2023.12.26"]
[EventDate "2023.12.26"]
[Round "5.49"]
[Result "1/2-1/2"]
[White "Sanan Sjugirov"]
[Black "Kazybek Nogerbek"]
[WhiteElo "2703"]
[BlackElo "2483"]
[PlyCount "124"]

1. e4 e5 2. Nf3 Nc6 3. Bb5 a6 4. Ba4 Nf6 5. O-O Be7 6. Re1 b5 7. Bb3 O-O 8. a4
Rb8 9. axb5 axb5 10. d3 d6 11. Nbd2 h6 12. Nf1 Re8 13. Ng3 Bf8 14. c3 Be6 15.
Bxe6 Rxe6 16. d4 d5 17. Nxe5 Nxe5 18. dxe5 Nxe4 19. Nxe4 dxe4 20. Bf4 Qxd1 21.
Raxd1 g5 22. Bg3 Bg7 23. Rd7 Bxe5 24. Rxe4 Rbe8 25. Rxe5 Rxe5 26. Bxe5 Rxe5 27.
Kf1 Rc5 28. Ke2 Kf8 29. Rd8+ Ke7 30. Rh8 b4 31. Kd3 bxc3 32. bxc3 Rd5+ 33. Ke3
Re5+ 34. Kd4 Re2 35. Rxh6 Rxf2 36. g3 g4 37. c4 Kd7 38. Ke5 Rc2 39. Kd5 Rd2+ 40.
Kc5 Rc2 41. Rh7 Ke6 42. Kb5 f5 43. Kc5 Ke5 44. Rxc7 Rxh2 45. Re7+ Kf6 46. Re3 f4
47. gxf4 Kf5 48. Re8 g3 49. Rg8 Kxf4 50. Kd6 Rh6+ 51. Kd5 Rh5+ 52. Kd4 Rg5 53.
Rf8+ Kg4 54. Rf1 g2 55. Rg1 Kf3 56. c5 Kf2 57. Rxg2+ Kxg2 58. c6 Kf3 59. c7 Rg8
60. Kd5 Rc8 61. Kd6 Rxc7 62. Kxc7 1/2-1/2